| 000 | 00546nam a2200169Ia 4500 | ||
|---|---|---|---|
| 005 | 20250508155539.0 | ||
| 008 | 008 250505s9999 xx 000 0 eng d | ||
| 037 | _aTextual | ||
| 040 |
_aFEDL _beng _cFEDL |
||
| 041 |
_aeng _2eng |
||
| 084 |
_a309.23, IND _qFEDL |
||
| 245 | 0 | _aProgress of the plan : A short survey of the working of the five year plan from april 1951 to September 1953 | |
| 245 | 0 | _cGovernment of India. Planning Commission | |
| 300 | _aiii,137p. | ||
| 942 |
_cTEXL _h309.23, IND |
||
| 999 |
_c1357639 _d1357639 |
||